| 000 | 00651nam a22002057a 4500 | ||
|---|---|---|---|
| 999 |
_c166105 _d166105 |
||
| 005 | 20190712162323.0 | ||
| 010 | _aENG-125907 | ||
| 020 |
_a9789387162389 _c650.00 |
||
| 035 | _aEN-109439 | ||
| 037 | _bDBAD/PUB | ||
| 082 | _a618.92 | ||
| 100 | _aGhosh, Sibarjun | ||
| 245 |
_aBedside clinics in paediatrics / _cby Sibarjun Ghosh |
||
| 250 | _aSixth Edition | ||
| 260 |
_aKolkata _bAcademic Publishers _c2009 |
||
| 270 |
_a5 A Bhawani Dutta Lane _bKolkata _e700073 _mcontact@academicpublishers.in |
||
| 300 |
_axvi,528p. _c24cm(pbk) |
||
| 500 | _aIncludes bibliographical references and index | ||
| 942 |
_2ddc _cEN _h618.92 _mGHO |
||